00411nam a2200133Ia 4500008004100000082001700041100002100058245002700079260003900106630001800145650009000163942000900253999001500262211109s9999||||xx |||||||||||||| ||und|| a915.4bSAR-B aSarma [d S] Ed,  0aBook Of Indian Culture bNATIONAL BOOKSTALLaKottayamc1900 xGeneral Stack aHistory and geographyvGeography and travelGeography of and travel in AsiaxGeneralia cBOOK c8018d8018